Proceedings of the Cambridge Philosophical Society. (Record no. 128902)
[ view plain ]
| 000 -LEADER | |
|---|---|
| fixed length control field | 02772cas a2200541 4500 |
| 001 - CONTROL NUMBER | |
| control field | 11136179 |
| 003 - CONTROL NUMBER IDENTIFIER | |
| control field | ARRUPE |
| 005 - DATE AND TIME OF LATEST TRANSACTION | |
| control field | 20190205115637.0 |
| 008 - FIXED-LENGTH DATA ELEMENTS--GENERAL INFORMATION | |
| fixed length control field | 750817d18431974enkqr p 1 a0eng c |
| 010 ## - LIBRARY OF CONGRESS CONTROL NUMBER | |
| LC control number | 12031100 |
| Canceled/invalid LC control number | sn 88000714 |
| 016 7# - NATIONAL BIBLIOGRAPHIC AGENCY CONTROL NUMBER | |
| Record control number | P31760000 |
| Source | DNLM |
| 022 0# - INTERNATIONAL STANDARD SERIAL NUMBER | |
| International Standard Serial Number | 0008-1981 |
| Source | 2 |
| 030 ## - CODEN DESIGNATION | |
| CODEN | PCPSA4 |
| 035 ## - SYSTEM CONTROL NUMBER | |
| System control number | (OCoLC)ocm01552641 |
| 040 ## - CATALOGING SOURCE | |
| Original cataloging agency | MUL |
| Language of cataloging | eng |
| Transcribing agency | MUL |
| Modifying agency | UCU |
| -- | COO |
| -- | IUL |
| -- | NYG |
| -- | HUL |
| -- | RCS |
| -- | OCL |
| -- | AIP |
| -- | OCL |
| -- | NSD |
| -- | OCL |
| -- | NSD |
| -- | NST |
| -- | DLC |
| -- | NSD |
| -- | NST |
| -- | DLC |
| -- | OCLCQ |
| -- | NLGGC |
| -- | LVB |
| -- | DLC |
| -- | OCLCQ |
| -- | OCLCF |
| -- | AGL |
| -- | IUL |
| -- | VYT |
| -- | UAB |
| -- | OCLCQ |
| -- | CSJ |
| -- | OCLCO |
| -- | OCLCQ |
| -- | GILDS |
| -- | OCLCO |
| 042 ## - AUTHENTICATION CODE | |
| Authentication code | nsdp |
| -- | pcc |
| -- | premarc |
| 050 ## - LIBRARY OF CONGRESS CALL NUMBER | |
| Classification number | SPC. DA13.H894 1893 |
| 300 ## - PHYSICAL DESCRIPTION | |
| Dimensions | 22cm. |
| 100 ## - MAIN ENTRY--PERSONAL NAME | |
| Personal name | Hughes, Thomas McKenny |
| 9 (RLIN) | 44388 |
| 110 2# - MAIN ENTRY--CORPORATE NAME | |
| Corporate name or jurisdiction name as entry element | Cambridge Philosophical Society. |
| 9 (RLIN) | 44389 |
| 245 10 - TITLE STATEMENT | |
| Title | Proceedings of the Cambridge Philosophical Society. |
| 260 ## - PUBLICATION, DISTRIBUTION, ETC. (IMPRINT) | |
| Place of publication, distribution, etc | Cambridge |
| Name of publisher, distributor, etc | Cambridge Philosophical Society |
| Date of publication, distribution, etc | 1893 |
| 300 ## - PHYSICAL DESCRIPTION | |
| Extent | 126p. ; |
| 440 ## - SERIES STATEMENT/ADDED ENTRY--TITLE | |
| Title | Cambridge Philosophical Society |
| 9 (RLIN) | 44389 |
| 555 ## - CUMULATIVE INDEX/FINDING AIDS NOTE | |
| Cumulative index/finding aids note | Vols. 1-50, 1843-1954 (Indexes also the society's Transactions, v. 1-23, 1822-1928) 1 v. (Author index); vols. 51-60, 1955-1964. 1v.; vols. 61-70, 1965-71. 1 v. |
| 580 ## - LINKING ENTRY COMPLEXITY NOTE | |
| Linking entry complexity note | Has monographic supplement: On the application of the quantum theory to atomic structure. Part 1. The fundamental postulates. |
| 650 ## - SUBJECT ADDED ENTRY--TOPICAL TERM | |
| Topical term or geographic name as entry element | Ice ages |
| 9 (RLIN) | 44390 |
| 650 ## - SUBJECT ADDED ENTRY--TOPICAL TERM | |
| Topical term or geographic name as entry element | Caves |
| 9 (RLIN) | 44391 |
| 700 1# - ADDED ENTRY--PERSONAL NAME | |
| Personal name | Bohr, Niels, |
| Dates associated with a name | 1885-1962. |
| Title of a work | On the application of the quantum theory to atomic structure. |
| Number of part/section of a work | Part 1, |
| Name of part/section of a work | Fundamental postulates. |
| 9 (RLIN) | 44392 |
| 730 0# - ADDED ENTRY--UNIFORM TITLE | |
| Uniform title | On the application of the quantum theory to atomic structure. |
| Number of part/section of a work | Part 1, |
| Name of part/section of a work | Fundamental postulates. |
| 9 (RLIN) | 44393 |
| 776 08 - ADDITIONAL PHYSICAL FORM ENTRY | |
| Display text | Online version: |
| Main entry heading | Cambridge Philosophical Society. |
| Title | Proceedings of the Cambridge Philosophical Society. Mathematical and physical sciences |
| Record control number | (OCoLC)559886371 |
| 776 08 - ADDITIONAL PHYSICAL FORM ENTRY | |
| Display text | Online version: |
| Main entry heading | Cambridge Philosophical Society. |
| Title | Proceedings of the Cambridge Philosophical Society. Mathematical and physical sciences |
| Record control number | (OCoLC)605972378 |
| 785 00 - SUCCEEDING ENTRY | |
| Title | Mathematical proceedings of the Cambridge Philosophical Society |
| International Standard Serial Number | 0305-0041 |
| Record control number | (DLC) 75644475 |
| -- | (OCoLC)2241860 |
| 906 ## - LOCAL DATA ELEMENT F, LDF (RLIN) | |
| a | 7 |
| b | cbc |
| c | serials |
| d | u |
| e | ncip |
| f | 19 |
| g | n-oclcserc |
| 942 ## - ADDED ENTRY ELEMENTS (KOHA) | |
| Source of classification or shelving scheme | Library of Congress Classification |
| Koha item type | SPC |
| Withdrawn status | Lost status | Source of classification or shelving scheme | Damaged status | Not for loan | Collection code | Home library | Current library | Shelving location | Date acquired | Total Checkouts | Full call number | Barcode | Date last seen | Price effective from | Koha item type |
|---|---|---|---|---|---|---|---|---|---|---|---|---|---|---|---|
| Library of Congress Classification | SPECIAL Collection | ARRUPE LIBRARY | ARRUPE LIBRARY | REFERENCE | 05/02/2019 | SPC. DA13.H894 1893 | 46600003615 | 05/02/2019 | 05/02/2019 | SPC |